000 00690nam a2200241Ia 4500
003 OSt
005 20220918200437.0
006 a|||||r|||| 00| 0
007 ta
008 220917b |||||||| |||| 00| 0 eng d
024 _a88,817
037 _cTextual
040 _aARTS
_cARTS
_beng
041 _2eng
_aeng
082 _aT40aX.73.N7t, L5
100 _aJuster F Thomas ed
_994091
245 0 _aEducation income and human behavior
_b a report
260 _aN.Y
_bMcgraw Hill
_c1975
490 _aCarnegie commission on higher education
650 _aHIGHER EDUCATION
942 _hT40aX.73.N7t, L5
_cTEXL
_2CC
999 _c212487
_d212487